| 000 | 00657nam a22002177a 4500 | ||
|---|---|---|---|
| 003 | OSt | ||
| 005 | 20160715185911.0 | ||
| 008 | 160715b xxu||||| |||| 00| 0 eng d | ||
| 020 | _a007-124430-1 | ||
| 040 | _cLIC | ||
| 082 |
_22006 _aDC 001.42 _bC78b |
||
| 100 |
_911432 _aCooper, Donald R. |
||
| 245 |
_aBusiness research methods/ _cDonald R. Cooper, Pamela S. Schindler. |
||
| 250 | _aNinth Edition | ||
| 260 |
_aBoston: _bMcGraw-Hill Education, _cc2006. |
||
| 300 |
_axxi, 744 pages: _billustrations; _c28 cm. |
||
| 500 | _aIncludes glossary and index. | ||
| 650 | 0 |
_911436 _aResearch methods |
|
| 700 |
_911437 _aSchindler, Pamela S. |
||
| 942 |
_2ddc _cDC |
||
| 999 |
_c3429 _d3429 |
||